[Event "Catarinense-ch U20"]
[Site "Lacerdapolis"]
[Date "2012.05.04"]
[Round "2"]
[White "Da Silva, Rafael Fleck"]
[Black "Domingos, Felipe de Carvalho"]
[Result "1-0"]
[WhiteElo "1927"]
[BlackElo "1803"]
[PlyCount "71"]
[EventDate "2012.05.04"]
[EventType "swiss"]
[EventRounds "6"]
[EventCountry "BRA"]
[SourceTitle "CBM 148 Extra"]
[Source "ChessBase"]
[SourceDate "2012.06.22"]
[SourceVersion "1"]
[SourceVersionDate "2012.06.22"]
[SourceQuality "1"]

1. e4 c5 2. Nc3 Nc6 3. f4 d6 4. Nf3 e6 5. g3 Nf6 6. d3 Be7 7. Bg2 Rb8 8. 0-0 a6 9. h3 b5 10. g4 b4 11. Ne2 d5 12. Ne5 Bb7 13. exd5 Nxe5 14. fxe5 Nxd5 15. Ng3 Qc7 16. Qe2 Nb6 17. Nh5 0-0 18. Bxb7 Qxb7 19. g5 Rbc8 20. Qg4 g6 21. Nf6+ Kg7 22. Qh4 h5 23. gxh6+ Kh8 24. Bg5 Bxf6 25. Bxf6+ Kh7 26. Be7 f5 27. exf6 Rf7 28. Rae1 Qd5 29. Qe4 Rc6 30. Rf4 Qxe4 31. Rfxe4 Nd7 32. Rxe6 Rxe6 33. Rxe6 Kxh6 34. Rxa6 Kg5 35. Ra7 Nxf6 36. Bxf6+ 1-0